000 00447 a2200145 4500
999 _c7039
_d7039
020 _a9953347751
050 _aBP110. NAW 2007
100 _aImam, Al
_eauthor
245 _aGardens of the virtuous in the speech of Prophet Muhammad /
_cAl Imam, Abu Zakariyyah, Yahya Ibn Sharaf Al Nawawi
264 _aKuwait :
_bAfrica Muslims Agency.,
_c2007
300 _a533 pages
500 _alncludes index
650 _aIslam
942 _2lcc
_cBK
_h110
_iNAW
_kBP